Online Catalogue and eLibrary

The feminist companion to mythology / (Record no. 273)

MARC details
000 -LEADER
fixed length control field 00572cam a22002177a 4500
001 - CONTROL NUMBER
control field 88744
005 - DATE AND TIME OF LATEST TRANSACTION
control field 20240202015403.0
008 - FIXED-LENGTH DATA ELEMENTS--GENERAL INFORMATION
fixed length control field 930315s1992 enka b 001 0 eng
020 ## - INTERNATIONAL STANDARD BOOK NUMBER
ISBN 0044408501 (pbk.)
020 ## - INTERNATIONAL STANDARD BOOK NUMBER
ISBN 0044406630 (cased)
040 ## - CATALOGING SOURCE (பட்டியலாக்க மூலம்)
Original cataloging agency DLC
Transcribing agency DLC
082 ## - DDC Classification
DDC Edition Number 22
Class No. 306.
245 04 - TITLE STATEMENT
Title The feminist companion to mythology /
Statement of responsibility, etc. edited by Carolyne Larrington.
260 ## - PUBLICATION, DISTRIBUTION, ETC.
Place of publication, distribution, etc. London :
Name of publisher, distributor, etc. Pandora Press,
Date of publication, distribution, etc. 1992.
300 ## - PHYSICAL DESCRIPTION
Extent (e.g. Volumes, Pages etc.) xiii, 480 p. :
650 #0 - SUBJECT ADDED ENTRY--TOPICAL TERM
Topical term or geographic name entry element Mythology.
650 #0 - SUBJECT ADDED ENTRY--TOPICAL TERM
Topical term or geographic name entry element Goddesses.
650 #0 - SUBJECT ADDED ENTRY--TOPICAL TERM
Topical term or geographic name entry element Women
700 1# - ADDED ENTRY--PERSONAL NAME
Personal name Larrington, Carolyne.
Relator term (Role) Editor
942 ## - Koha item type (Biblio)
Koha item type Books in Stacks (Lending)
Holdings
Lost status Damaged status Collection code Home library Current library Date acquired Full call number Accession Number Item type
    Lending WERC Library WERC Library 02/02/2024 306. 2065 Books in Stacks (Lending)

© WERC Library